| 000 | 00787nam a2200193 a 4500 | ||
|---|---|---|---|
| 001 | 000039853 | ||
| 005 | 20201002033754.0 | ||
| 008 | 130725s2004 sp ab 000 0 spa d | ||
| 020 | _a8400082834 | ||
| 040 |
_aDO-SdBNP _bspa _cBNPHU |
||
| 245 | 0 | 0 |
_aBizancio y la Península Ibérica : _bde la Antigüedad Tardía a la Edad Moderna / Inmaculada Pérez Martín; Pedro Bádenas de la Peña. |
| 260 |
_aMadrid : _bConsejo Superior de Investigaciones Científicas, 2004, _c2004. |
||
| 300 |
_aXIX, 542 p. ; : _bil., mapas ; _c24 cm. |
||
| 490 | 1 |
_aNueva Roma ; _v24 |
|
| 504 | _aIncluye referencias bibliográficas y notas al pie de las páginas | ||
| 700 | 1 |
_aPérez Martín, Inmaculada, _eed. _915352 |
|
| 700 | 1 |
_aBádanas de la Peña, Pedro, _eed. _966048 |
|
| 830 | 0 |
_aNueva Roma _v24 _915353 |
|
| 999 |
_c39343 _d39343 |
||